000 00704nam a2200217 4500
003 OSt
005 20240724011909.0
006 a
008 240724b |||||||| |||| 00| 0 eng d
020 _a9780071280105
040 _aDWCL-Main lib.
_cOC
082 _2Third edition
_aCirc. 659.2 P976 2009
110 _aDan Lattimore [et al.]
245 _aPublic relations: the profession and the practice /
250 _aThird edition
260 _aBoston :
_bMcGraw-HIl Higher Education,
_cc2009.
300 _axxiv,
_b(various paging) : col. ill. ;
_c26 cm.
504 _aIncludes bibliographical references & index.
650 _a1. Public relations.
942 _2ddc
_n0
_cBK-CIRC
_eThird edition
_kCirc.
999 _c2632
_d2632